000 00709nam a2200229Ia 4500
003 OSt
005 20240924115147.0
008 220927b |||||||| |||| 00| 0 eng d
040 _aSDCL
_cSDCL
_beng
041 _2eng
_aeng
082 _aR K7
100 _aMandelbaum, Maurice etc. Ed.
_9451769
245 0 _aPhilosophic problems:
_b An introductory book of readings/
250 _a2
260 _aNew York:
_b Macmillan,
_c1967.
300 _axii,813p.
700 _a Anderson Alan Ross Ed.
_9451770
700 _a Gramlich Francis W Ed.
_9451771
700 _a Schneewind Jerome B Ed.
_9451772
942 _hR K7
_cTEXL
_2CC
999 _c765790
_d765790